|
|
|
|
| LEADER |
00000nbm0a2200000 4500 |
| 001 |
189040 |
| 005 |
20231031175143.0 |
| 035 |
|
|
|a (RuTPU)RU\TPU\book\205342
|
| 090 |
|
|
|a 189040
|
| 100 |
|
|
|a 20101217d1963 k y0rusy50 ca
|
| 101 |
0 |
|
|a rus
|
| 102 |
|
|
|a RU
|
| 105 |
|
|
|a a p 001zy
|
| 200 |
1 |
|
|a Научно-технический отчет о командировке в Италию с 15 февраля 1963 г. по 29 сентября 1963 года
|h Т. 1
|f И. П. Чучалин
|g Томский политехнический институт (ТПИ)
|
| 210 |
|
|
|a Томск
|d 1963
|
| 215 |
|
|
|a 108 л.
|c черт.
|
| 320 |
|
|
|a Библиогр.: с. 102.
|
| 421 |
|
1 |
|0 (RuTPU)RU\TPU\book\205345
|t Приложение к научно-техническому отчету о командировке в Италию с 15 февраля 1963 г. по 29 сентября 1963 года
|h Т. 2. Учебные планы и программы факультета физико-математических и естественных наук Римского университета
|f И. П. Чучалин
|g Томский политехнический институт (ТПИ)
|c Томск
|d 1963
|p 125 л.
|a Чучалин, Иван Петрович
|
| 610 |
1 |
|
|a научно-технические отчеты
|
| 610 |
1 |
|
|a командировки
|
| 610 |
1 |
|
|a Италия
|
| 610 |
1 |
|
|a магниты
|
| 610 |
1 |
|
|a электромагниты
|
| 610 |
1 |
|
|a питание
|
| 610 |
1 |
|
|a система инжекции
|
| 610 |
1 |
|
|a индикация пучка
|
| 610 |
1 |
|
|a синхротроны
|
| 610 |
1 |
|
|a дозиметрия
|
| 610 |
1 |
|
|a защита от излучений
|
| 610 |
1 |
|
|a труды учёных ТПУ
|
| 610 |
1 |
|
|a системы
|
| 675 |
|
|
|a 539.152.112
|v 3
|
| 675 |
|
|
|a 6.022
|v 3
|
| 700 |
|
1 |
|a Чучалин
|b И. П.
|c физик
|c ректор Томского института автоматизированных систем управления и радиоэлектроники (ТИАСУР), 1972-1981
|c ректор Томского политехнического института (ТПИ), 1981-1990
|c выпускник ФТФ ТПИ 1951 г.
|f 1925-
|g Иван Петрович
|2 stltpush
|3 (RuTPU)RU\TPU\pers\11823
|
| 712 |
0 |
2 |
|a Томский политехнический институт (ТПИ)
|c (1944-1991)
|2 stltpush
|3 (RuTPU)RU\TPU\col\1123
|
| 801 |
|
1 |
|a RU
|b 63413507
|c 20101217
|
| 801 |
|
2 |
|a RU
|b 63413507
|c 20220208
|g RCR
|
| 942 |
|
|
|c BK
|